| 000 | 00518cab a22001695a 4500 | ||
|---|---|---|---|
| 001 | L158651 | ||
| 008 | 150526e2015 xxk 000 0 eng d | ||
| 035 | _a(Sirsi) u158651 | ||
| 041 | 0 | _aeng | |
| 100 | 1 | _aFry, Tim | |
| 245 | 0 | 0 | _aLearning to share |
| 490 |
_aConstruction Journal _vJune/July 2015, 6-8 (3) |
||
| 520 | _aDiscusses improvements that the project management profession can implement by examining its past successes. | ||
| 650 | 2 | 4 |
_aProject management _96261 |
| 651 | 4 |
_aUnited Kingdom _y |
|
| 942 | _n0 | ||
| 999 |
_c84647 _d84647 |
||